Flora in Peninsular Malaysia Series II : Seed Plants, Volume 6

Bibliographic Details
Corporate Author: Forest Research Institute Malaysia
Other Authors: Chung, R.C.K, Saepadmo, E, Saw, L.G
Format: Book
Published: Kuala Lumpur : Forest Research Institute Malaysia , 2017
Series:Malayan forests records; no.49
Subjects:

MARC

LEADER 00000cam a2200000 7i4500
001 0000004162
005 20181227.0
020 0 0 |a 9789670622934 
090 0 0 |a 580.95951   |b FRIM 2017 
245 1 0 |a Flora in Peninsular Malaysia Series II :   |b Seed Plants, Volume 6   |c edited by R.Kiew...[et.al] 
260 0 0 |a Kuala Lumpur :   |b Forest Research Institute Malaysia ,   |c 2017 
300 |a vii. 227p.ill ;   |c 26cm. 
490 0 0 |a Malayan forests records;   |v no.49 
650 0 0 |a Phanerogams---Malaysia 
650 0 0 |a Plants--Malaysia 
700 0 1 |a Chung, R.C.K 
700 0 1 |a Saepadmo, E 
700 0 1 |a Saw, L.G 
710 2 1 |a Forest Research Institute Malaysia 
998 |a JPSM 
999 |a 008005   |b Monograph   |c Open Shelf   |e Default branch